| Tag |
First Indicator |
Second Indicator |
Subfields |
| LEADER |
00000cam a2200000 a 4500 |
| 001 |
in00001507708 |
| 005 |
20151021095743.0 |
| 008 |
980707s1999 gaua bf 000 0 eng |
| 010 |
|
|
|a 98034961
|
| 020 |
|
|
|a 0881733059 (FP)
|
| 020 |
|
|
|a 0130115673 (PH)
|
| 035 |
|
|
|a (OCoLC)39508218
|
| 035 |
|
|
|9 AJK8204AM
|
| 040 |
|
|
|a DLC
|c DLC
|d TXA
|d UtOrBLW
|
| 043 |
|
|
|a n-us---
|
| 049 |
|
|
|a TXAM
|
| 050 |
0 |
0 |
|a TD883.2
|b .I5277 1999
|
| 082 |
0 |
0 |
|a 363.739/2
|2 21
|
| 245 |
0 |
0 |
|a Indoor air quality case studies reference guide /
|c compiled and edited by George Benda.
|
| 264 |
|
1 |
|a Lilburn, GA :
|b Fairmont Press ;
|c [1999]
|
| 264 |
|
2 |
|a Upper Saddle River, NJ :
|b Distributed by Prentice Hall PTR,
|
| 264 |
|
4 |
|c ©1999
|
| 300 |
|
|
|a ix, 216 pages :
|b illustrations ;
|c 29 cm.
|
| 336 |
|
|
|a text
|b txt
|2 rdacontent
|
| 337 |
|
|
|a unmediated
|b n
|2 rdamedia
|
| 338 |
|
|
|a volume
|b nc
|2 rdacarrier
|
| 504 |
|
|
|a Includes bibliographical references (pages [201]-211).
|
| 650 |
|
0 |
|a Indoor air pollution
|z United States
|x Case studies.
|
| 650 |
|
0 |
|a Air quality management
|z United States
|x Case studies.
|
| 700 |
1 |
|
|a Benda, George J.
|
| 948 |
|
|
|a c:dm
|
| 999 |
|
|
|a MARS
|
| 999 |
f |
f |
|s 102bd8e7-b6a3-3ac0-9f4f-070ad7c96afd
|i b9bdf171-7b71-3ec9-9257-a06cabb0ab32
|t 0
|
| 952 |
f |
f |
|p ric
|a Texas A&M University
|b Rellis Campus
|c Joint Library Facility
|d Remote Storage
|t 0
|e TD883.2 .I5277 1999
|h Library of Congress classification
|i unmediated -- volume
|m A14825319617
|
| 998 |
f |
f |
|a TD883.2 .I5277 1999
|t 0
|l Remote Storage
|